<?xml version="1.0" encoding="UTF-8"?><?xml-stylesheet type="text/xsl" href="static/style.xsl"?><OAI-PMH xmlns="http://www.openarchives.org/OAI/2.0/" xmlns:xsi="http://www.w3.org/2001/XMLSchema-instance" xsi:schemaLocation="http://www.openarchives.org/OAI/2.0/ http://www.openarchives.org/OAI/2.0/OAI-PMH.xsd"><responseDate>2026-04-28T08:18:52Z</responseDate><request verb="GetRecord" identifier="oai:uvadoc.uva.es:10324/71111" metadataPrefix="marc">https://uvadoc.uva.es/oai/request</request><GetRecord><record><header><identifier>oai:uvadoc.uva.es:10324/71111</identifier><datestamp>2025-09-04T11:33:22Z</datestamp><setSpec>com_10324_1183</setSpec><setSpec>com_10324_931</setSpec><setSpec>com_10324_894</setSpec><setSpec>col_10324_1396</setSpec></header><metadata><record xmlns="http://www.loc.gov/MARC21/slim" xmlns:doc="http://www.lyncode.com/xoai" xmlns:xsi="http://www.w3.org/2001/XMLSchema-instance" xmlns:dcterms="http://purl.org/dc/terms/" xsi:schemaLocation="http://www.loc.gov/MARC21/slim http://www.loc.gov/standards/marcxml/schema/MARC21slim.xsd">
<leader>00925njm 22002777a 4500</leader>
<datafield tag="042" ind1=" " ind2=" ">
<subfield code="a">dc</subfield>
</datafield>
<datafield tag="720" ind1=" " ind2=" ">
<subfield code="a">Diaz Vazquez, Raquel</subfield>
<subfield code="e">author</subfield>
</datafield>
<datafield tag="720" ind1=" " ind2=" ">
<subfield code="a">Poveda Arias, Jorge</subfield>
<subfield code="e">author</subfield>
</datafield>
<datafield tag="720" ind1=" " ind2=" ">
<subfield code="a">Torres Sánchez, Esteban</subfield>
<subfield code="e">author</subfield>
</datafield>
<datafield tag="720" ind1=" " ind2=" ">
<subfield code="a">Sánchez Gómez, Tamara</subfield>
<subfield code="e">author</subfield>
</datafield>
<datafield tag="720" ind1=" " ind2=" ">
<subfield code="a">Martín García, Jorge</subfield>
<subfield code="e">author</subfield>
</datafield>
<datafield tag="720" ind1=" " ind2=" ">
<subfield code="a">Díez Casero, Julio Javier</subfield>
<subfield code="e">author</subfield>
</datafield>
<datafield tag="260" ind1=" " ind2=" ">
<subfield code="c">2024</subfield>
</datafield>
<datafield tag="520" ind1=" " ind2=" ">
<subfield code="a">Maritime pine (Pinus pinaster) is a forest species of great ecological and economic interest in the European Union, and especially in the Iberian Peninsula. Currently, one of the main threats this species has to face is the spread of the quarantine pathogenic fungus (A2 list) Fusarium circinatum, causal agent of pine pitch canker disease. Since one of the main strategies for the control of the disease is the use of resistant clones, it is necessary to carry out extensive work on the susceptibility analysis of several P. pinaster populations against F. circinatum. To this end, we have studied 35 P. pinaster populations located throughout the natural distribution range. After inoculation with F. circinatum spores, the susceptibility of all populations was studied, correlating it with their morphological traits (height and stem diameter) and relating it with the climate of origin. The results obtained reported significant differences among populations in both the morphological traits and susceptibility to the disease, with a negative correlation between height and susceptibility. With respect to the climate of origin, a negative correlation between continental climate and resistance was established. Therefore, populations with the indicated characteristics could be selected for the establishment of programs of breeding for resistance to control the spread of F. circinatum in P. pinaster forests.</subfield>
</datafield>
<datafield tag="024" ind2=" " ind1="8">
<subfield code="a">Forest Ecology and Management, junio 2024, vol. 561, 121909.</subfield>
</datafield>
<datafield tag="024" ind2=" " ind1="8">
<subfield code="a">0378-1127</subfield>
</datafield>
<datafield tag="024" ind2=" " ind1="8">
<subfield code="a">https://uvadoc.uva.es/handle/10324/71111</subfield>
</datafield>
<datafield tag="024" ind2=" " ind1="8">
<subfield code="a">10.1016/j.foreco.2024.121909</subfield>
</datafield>
<datafield tag="245" ind1="0" ind2="0">
<subfield code="a">Relation between morphology and native climate in the resistance of different Pinus pinaster populations to pitch canker disease caused by Fusarium circinatum</subfield>
</datafield>
</record></metadata></record></GetRecord></OAI-PMH>